000 00331nam a22001337a 4500
020 _qHB.
040 _cFIZZA ISHAQ
082 _a863
_bLAN
100 _aMORROW,LANCE.
_9134052
245 _aEVIL AN INVESTIGATION /
_cLANCE MORROW.
260 _aNEW YORK ;
_bBASIC BOOKS,
_c2003.
300 _a276 P. ;
_c8.8X5.9IN
942 _2ddc
_cBK
999 _c616981
_d616981